000
00239 a2200097 4500
001
54756
100
_a
Umaira ahmad
245
_a
Hum kahan kai sachay thay
260
_a
Lahore
_b
Elm o irfanPublisher
_c
2005
090
_c
33964
_d
33964
942
_a
NUST-CAE
_c
MONOGRAPH
_c
26629
999
_c
289829
_d
289829